Shadows of war : (Record no. 2029)

000 -LEADER
fixed length control field 01454cam a22003374a 4500
001 - CONTROL NUMBER
control field 13297646
003 - CONTROL NUMBER IDENTIFIER
control field OSt
005 - DATE AND TIME OF LATEST TRANSACTION
control field 20160202151939.0
008 - FIXED-LENGTH DATA ELEMENTS--GENERAL INFORMATION
fixed length control field 030731s2004 caua b s001 0 eng
010 ## - LIBRARY OF CONGRESS CONTROL NUMBER
LC control number 2003060803
020 ## - INTERNATIONAL STANDARD BOOK NUMBER
International Standard Book Number 0520239776 (cloth)
040 ## - CATALOGING SOURCE
Original cataloging agency DLC
Transcribing agency DLC
Modifying agency DLC
042 ## - AUTHENTICATION CODE
Authentication code pcc
050 00 - LIBRARY OF CONGRESS CALL NUMBER
Classification number HM554.N67 2004
082 00 - DEWEY DECIMAL CLASSIFICATION NUMBER
Classification number 303.6/6
Edition number 22
100 1# - MAIN ENTRY--PERSONAL NAME
Personal name Nordstrom, Carolyn,
Dates associated with a name 1953-
245 10 - TITLE STATEMENT
Title Shadows of war :
Remainder of title violence, power, and international profiteering in the twenty-first century /
Statement of responsibility, etc Carolyn Nordstrom.
260 ## - PUBLICATION, DISTRIBUTION, ETC. (IMPRINT)
Place of publication, distribution, etc Berkeley :
Name of publisher, distributor, etc University of California Press,
Date of publication, distribution, etc c2004.
300 ## - PHYSICAL DESCRIPTION
Extent xiii, 293 p. :
Other physical details ill. ;
Dimensions 24 cm.
440 #0 - SERIES STATEMENT/ADDED ENTRY--TITLE
Title California series in public anthropology ;
Volume number/sequential designation 10
504 ## - BIBLIOGRAPHY, ETC. NOTE
Bibliography, etc Includes bibliographical references (p. 273--282) and index.
650 #0 - SUBJECT ADDED ENTRY--TOPICAL TERM
Topical term or geographic name as entry element War and society.
650 #0 - SUBJECT ADDED ENTRY--TOPICAL TERM
Topical term or geographic name as entry element War
General subdivision Economic aspects.
650 #0 - SUBJECT ADDED ENTRY--TOPICAL TERM
Topical term or geographic name as entry element Informal sector (Economics)
856 42 - ELECTRONIC LOCATION AND ACCESS
Materials specified Contributor biographical information
Uniform Resource Identifier <a href="http://www.loc.gov/catdir/bios/ucal052/2003060803.html">http://www.loc.gov/catdir/bios/ucal052/2003060803.html</a>
856 41 - ELECTRONIC LOCATION AND ACCESS
Materials specified Table of contents
Uniform Resource Identifier <a href="http://www.loc.gov/catdir/toc/ucal041/2003060803.html">http://www.loc.gov/catdir/toc/ucal041/2003060803.html</a>
856 42 - ELECTRONIC LOCATION AND ACCESS
Materials specified Publisher description
Uniform Resource Identifier <a href="http://www.loc.gov/catdir/description/ucal042/2003060803.html">http://www.loc.gov/catdir/description/ucal042/2003060803.html</a>
906 ## - LOCAL DATA ELEMENT F, LDF (RLIN)
a 7
b cbc
c orignew
d 1
e ocip
f 20
g y-gencatlg
942 ## - ADDED ENTRY ELEMENTS (KOHA)
Source of classification or shelving scheme
Koha item type Book
Holdings
Withdrawn status Lost status Source of classification or shelving scheme Damaged status Not for loan Home library Current library Shelving location Date acquired Total Checkouts Full call number Barcode Date last seen Date checked out Copy number Price effective from Koha item type
          Riara University Library Riara University Library General stack 02/02/2016 4 HM554.N67 2004 6802/12 30/09/2024 05/08/2024 C.1 02/02/2016 Book

Riara University Library,
P.O. Box 49940-00100,
Nairobi, Kenya.